000 00614nam a2200241Ia 4500
003 OSt
005 20221007075013.0
006 a|||||r|||| 00| 0
007 ta
008 221006b |||||||| |||| 00| 0 eng d
024 _a1,766
037 _cTextual
040 _aFLL
_cFLL
_beng
041 _2eng
_aeng
082 _aZ1, M5.2
100 _aBatra T.S. Au.
_9681555
245 0 _aInternatioanl law
260 _aNew Delhi
_bBookhive India
_c1985
490 _vVol.2
650 _aInternatioanl Law
_9693400
942 _hZ1, M5.2
_cTEXL
_2CC
999 _c1154466
_d1154466